Para cuidar la naturaleza (recorte). /

Guardado en:
Autor Principal: Correa Leonardo
Otros Autores: Garabetyan Enrique
Formato: Libro
Publicado: Buenos Aires : , 1996
Series:Lo Nuevo-suplemento diario Cla
Materias:
Fc
Etiquetas: Agregar Etiqueta
Sin Etiquetas, Sea el primero en etiquetar este registro!
LEADER 00557nam a22002055a 4500
001 CEM.cems009184
005 20060214000000.0
008 130507s1996##################000#0#####d
003 CEMS
082 0 4 |a F574.5 
100 1 |a Correa Leonardo 
245 1 0 |a Para cuidar la naturaleza (recorte). / 
260 |a Buenos Aires :  |b ,  |c 1996 
300 |a 4 p. 
490 0 |a Lo Nuevo-suplemento diario Cla 
653 |a Ecologia 
653 |a Fc 
653 |a Parques nacionales 
700 1 |a Garabetyan Enrique 
859 |a CEMS  |b BIB. CEMS - 11 de abril  |h F574.5  |i 19  |p 1447.44  |t Ej.1